000 00534nam a2200193Ia 4500
003 GCL
008 140319s9999 xx 000 0 ara d
040 _aGCL /
_cGCL
082 0 4 _a928.62
_bز ا
100 1 _aزينب الغزالى
245 1 0 _aايام من حياتى /
_cزينب الغزالى
260 _a[S.N] :
_bدار الشروق ،
_c1992
490 _a
650 0 4 _aمصر
650 0 4 _aالاسلام
650 0 4 _aالاخوان المسلمون
650 0 4 _aجمال عبدالناصر
942 _2ddc
_cBK
999 _c46574
_d46574